| 000 | 00850nam a2200205Ia 4500 | ||
|---|---|---|---|
| 008 | 0000001998 us az 0000000000eng00 | ||
| 090 | _aPSP00 C78l | ||
| 100 | 1 |
_aGalindo, Jorge _d1965 |
|
| 245 | 1 | 0 |
_aJorge Galindo _c/ photography Javier Campano, Oronoz, Steven Tucker ; essay Berta Sichel |
| 300 |
_a23 p. _c/ 28 cm. |
||
| 500 | _aExposición realizada en la Galería Ramis Barquet, Abril 2 Mayo 2, 1998 \ Con el patronazgo del maestro venezolano Jesús Rafael Soto (q.e.p.d.) | ||
| 600 | 0 | 0 |
_a GALINDO, JORGE, 1965 / _xTRABAJOS PICTORICOS |
| 650 | 1 | 4 | _a PINTURA ESPAÑOLA |
| 650 | 1 | 4 | _xCATALOGOS |
| 650 | 1 | 4 | _xEXPOSICIONES |
| 650 | 1 | 4 | _aPINTORES ESPAÑOLES |
| 650 | 1 | 4 | _aPINTURA MODERNA ESPAÑOLA |
| 700 | 1 | _aCampano, Javier \ Tucker, Steven \ Sichel, Bertha \ Oronoz | |
| 999 |
_c576 _d576 |
||
| 260 |
_aNew York : Galería Ramis Barquet _c1998 |
||